000 00900cam a2200277 a 4500
001 24395
003 BD-RjUL
005 20211209001039.0
008 140313s19641914enkafc b 001 0 eng d
035 _a(BD-RjUL)24461
040 _aTXR
_cTXR
_dOCL
_dUKM
_dBD-RjUL
_beng
041 _aeng
082 _a328.420734
_218
_bBUP 1964
090 _aJN218
_b.B8 1964
100 1 _aButler, James Ramsay Montagu,
_d1889- .
_975112
245 1 4 _aThe passing of the great reform bill /
_cJ. R. Butler.
250 _a5th ed.
260 _aLondon :
_bFrank Cass and Co. Ltd.,
_c1924 [Imprission 1964].
300 _axiii, 454 p. :
_bill., ports. ;
_c22 cm.
500 _a"First edition 1914."
504 _aIncludes bibliography and index.
610 1 0 _aGreat Britain.
_bParliament
_975117
651 0 _aGreat Britain
_xPolitics and government
_y1800-1837.
_975114
942 _2ddc
_cBK
999 _c24395
_d24395